| 000 | 01338na a2200421 4500 | ||
|---|---|---|---|
| 001 | 23387 | ||
| 003 | MIRAKIL | ||
| 005 | 20181213155033.0 | ||
| 008 | 170920b tu 000 0 | ||
| 020 | _a9786056644443 | ||
| 040 |
_aMilas _btur _cTR-AnCHP |
||
| 041 | _atur | ||
| 082 |
_a321.8 _bS67ö 2017 |
||
| 090 | _a321.8 S67ö 2017 | ||
| 110 | _aSosyal Demokrasi Derneği | ||
| 245 |
_aÖzgür insan ve demokrasi _b Özgür insan dergisi yazıları _cSosyal Demokrasi Derneği |
||
| 246 | _aÖzgür insan dergisi yazıları | ||
| 260 |
_aAnkara _bSosyal Demokrasi Derneği _c2017 _fZiraat Grup Matbaacılık |
||
| 300 |
_a254 s. _c19 sm. |
||
| 440 |
_aSosyal Demokrasi Derneği Yayınları _v13 |
||
| 490 |
_aSosyal Demokrasi Düşünce Dünyası _v4 |
||
| 650 |
_aSosyal devlet _zTürkiye |
||
| 650 | _aCHP ve Sosyal Demokrasi | ||
| 650 |
_aSiyaset ve yönetim _xSosyal demokrasi _zTürkiye |
||
| 700 | _aKuruç, Bilsay | ||
| 700 | _aÜstünel, Besime | ||
| 700 | _aKışlalı, Ahmet Taner | ||
| 700 | _aBaykal, Deniz | ||
| 700 | _aAtabaş, Kadri | ||
| 700 | _aYücekök, Ahmet N. | ||
| 700 | _aErginsoy, Faruk | ||
| 700 | _aSoysal, Mümtaz | ||
| 700 | _aTaylan, Muhittin | ||
| 700 | _aKabasakal, Mehmet | ||
| 700 | _aEcevit, Bülent | ||
| 740 | _aÖzgür insan dergisi yazıları | ||
| 942 |
_2ddc _cBKS |
||
| 999 |
_c5330 _d5330 |
||